01276nam a2200193Ia 4500001001300000003001000013008004100023040002500064041000700089100001300096245003300109250001100142260002300153300001200176500079300188650006000981700002301041700001801064a1522-39017 IT-MiCISF161014s9999||||xx |||||||||||||| ||und|| aIT-MiCISFcIT-MiCISF ait aLevy Ray 0aBambini che fanno i capricci a1a ed. a MilanobTeac2004 app. 252 a / educazione-bambini, comportamento, figli-piccoli, genitorialità€ / Vi sono bambini che ogni volta che non riescono a ottenere ciò€ che desiderano assumono un atteggiamento provocatorio nei confronti di chi sta loro vicino. Altri invece, sono difficili fin dalla nascita, come se da subito fossero predisposti alla sfida. E, infine, ve ne sono altri ancora che a volte piegano le regole a proprio favore, riuscendo a mandare su tutte le furie i propri genitori. Con estrema chiarezza, gli AA. analizzano i motivi per cui i bambini assumono comportamenti difficili in casa o a scuola, spiegano le ragioni dell'insuccesso di molti metodi educativi e suggeriscono alcune tecniche, semplici e pratiche, per trasformare un piccolo diavolo capriccioso in un bambino affettuoso e beneducato. a Genitorialità€ e problemi educativi / educazionee004 aNorris Goode Tyler aO'Hanlon Bill